000 00520nam a2200193Ia 4500
005 20250508152241.0
008 008 250505s9999 xx 000 0 eng d
037 _aTextual
040 _aFEDL
_beng
_cFEDL
041 _aeng
_2eng
084 _a372.7, CUI
_qFEDL
100 _aCuisenaire G
_9759286
245 0 _aNumbers in colour
250 _a2nd
260 _aMelbourne, Austraila
_bWilliam Heinemann Limited
_c1955
300 _aix,56p.
942 _cTEXL
_h372.7, CUI
999 _c1335298
_d1335298